Jak efektivně vést druhé : Příručka sebezdokonalování pro manažery /

Saved in:
Bibliographic Details
Main Author: Adair, John (Author)
Format: Book
Language:Czech
Published: Praha : Management Press, Profit, a.s, 1993
Edition:1.vyd.
Subjects:
Tags: Add Tag
No Tags, Be the first to tag this record!

MARC

LEADER 00000nam a22000003a 4500
001 stu7073
005 20150617225808.7
008 941110s1993----xr------------------cze-d
020 |a 80-85603-40-3 
040 |a STU  |b slo 
041 0 |a cze 
044 |a xr 
080 |a 65.012.4 
080 |a 159.98 
100 1 |a Adair, John  |4 aut 
245 1 |a Jak efektivně vést druhé :  |b Příručka sebezdokonalování pro manažery /  |c [aut.] Adair,John 
250 |a 1.vyd. 
260 |a Praha :  |b Management Press, Profit, a.s,  |c 1993 
300 |a 321 s 
650 7 |a manažéri  |2 stusub 
650 7 |a psychotechnika  |2 stusub 
650 7 |a personalistika  |2 stusub 
996 |b E79250  |c R*79250  |l RRUM  |s A  |a 24  |w stu7073_0001